Countries that participated in the UEFA Euro - Statistics

General Stats
  • This quiz has been taken 829 times
  • The average score is 28 of 33
Answer Stats
Answer % Correct
Spain
97%
England
96%
Germany
96%
Portugal
96%
France
95%
Italy
95%
Sweden
94%
Netherlands
92%
Belgium
91%
Greece
91%
Russia
91%
Denmark
90%
Ireland
90%
Poland
90%
Norway
89%
Ukraine
88%
Austria
87%
Croatia
87%
Switzerland
87%
Hungary
83%
Scotland
83%
Turkey
83%
Sovietunion
82%
Bulgaria
81%
Serbia & Montenegro (*)
81%
Slovenia
81%
Yugoslavia
81%
Czech Republic
80%
Romania
80%
(*) named Yugoslavia
79%
Czechoslovakia
73%
West Germany
68%
Latvia
64%
No matching quizzes found
Score Distribution
Percent of People with Each Score
Percentile by Number Answered
Your Score History
You have not taken this quiz